| 000 | 00659nam a2200193Ia 4500 | ||
|---|---|---|---|
| 003 | GCL | ||
| 008 | 140319s9999 xx 000 0 ara d | ||
| 040 |
_aGCL / _cGCL |
||
| 082 | 0 | 4 |
_a301.247 _bع ط |
| 100 | 1 | _aعبدالرحمن الكواكبى | |
| 245 | 1 | 0 |
_aطبائع الاستبداد و مصارع الاستعباد / _cعبدالرحمن الكواكبى |
| 250 | _aالاولى | ||
| 260 |
_aالقاهرة : _bدار المدى للثقافة والنشر ، _c1900 |
||
| 300 |
_a133 ص ؛ _c20 سم |
||
| 650 | 0 | 4 | _aعبدالرحمن الكواكبى |
| 650 | 0 | 4 | _aالدكتاتورية |
| 650 | 0 | 4 | _aالاستبداد |
| 942 |
_2ddc _cBK |
||
| 999 |
_c6871 _d6871 |
||